| 000 | 01108cam a22003135a 4500 | ||
|---|---|---|---|
| 001 | 18117935 | ||
| 005 | 20151104112525.0 | ||
| 008 | 140416t2014 inua fr 001 0 eng d | ||
| 020 | _a9780789753281 (pbk.) | ||
| 020 | _a0789753286 (pbk.) | ||
| 040 |
_aZAC _beng _cZAC _dYDXCP _dSINLB _dBTCTA _dBDX _dUKMGB _dB@L _dOCLCO _dOCLCF _dDLC _dEG-ScBUE |
||
| 082 | 0 | 4 |
_222 _bBIE _a621.988 |
| 100 | 1 |
_aBiehler, John. _938672 |
|
| 245 | 1 | 0 |
_a3D printing with Autodesk 123D : _bcreate and print 3D objects with 123D, Autocad, and Inventor / _cJohn Biehler, Bill Fane. |
| 246 | 3 | _a3 D printing with Autodesk 123D | |
| 246 | 3 | _aThree-dimensional printing with Authodesk 123D | |
| 260 |
_aIndiana : _bQUE Press, _cc.2014. |
||
| 300 |
_axi, 264 p. : _bill. (col.) ; _c24 cm. |
||
| 500 | _aIndex : p. 257-264. | ||
| 610 | 2 | 0 | _aAutodesk, Inc. |
| 630 | 0 | 7 |
_aAutoCAD. _937593 |
| 650 | 0 |
_aThree-dimensional printing. _2BUEsh |
|
| 650 | 0 |
_aComputer printers. _2BUEsh |
|
| 650 | 7 |
_aComputer-aided design. _2BUEsh _93588 |
|
| 651 | _2BUEsh | ||
| 653 |
_bCOMAME _cJune2015 _cNovember2015 |
||
| 700 | 1 | _aFane, Bill, | |
| 942 | _2ddc | ||
| 999 |
_c20020 _d19992 |
||